| 000 | 00371 a2200169 4500 | ||
|---|---|---|---|
| 001 | 189616 | ||
| 020 | _a85-0808163-4 | ||
| 040 | _cMagnum | ||
| 100 | _aChamlian, Regina | ||
| 240 | 1 | 0 |
_aPescadores de lobisomem _lpor |
| 245 | 1 | 0 | _aPescadores de lobisomem |
| 300 | _a40 | ||
| 362 | 0 | _a2002 | |
| 440 | 1 | _aÁtica | |
| 697 | _aLITERATURA INFANTO-JUVENIL | ||
| 942 | _cBK | ||
| 999 |
_c189616 _d189616 |
||